000 01127nam a22003257a 4500
999 _c10134
_d10134
003 EG-ScBUE
005 20201128013420.0
008 080827t2005 enka f b 001 0 eng d
020 _a1861529899
020 _a9781861529893
040 _aEG-ScBUE
_beng
_erda
_cEG-ScBUE
_dEG-ScBUE
041 0 _aeng
_beng
082 0 4 _a658
_bENT
_222
245 _aEnterprise development :
_bthe challenges of starting, growing and selling business /
_cColin Barrow [and three others]
264 1 _aLondon :
_bThomson Learning,
_c[2005]
264 4 _cc2005
300 _axi, 275 pages :
_billustrations ;
_c25 cm
336 _2rdacontent
_atext
_btxt
337 _2rdamedia
_aunmediated
_bn
338 _2rdacarrier
_avolume
_bnc
504 _aIncludes bibliographical references and index.
546 _aIn English; summary in English.
650 7 _920051
_aEntrepreneurship.
_2BUEsh
650 7 _91574
_aNew business enterprises
_xManagement.
_2BUEsh
653 _bBUSADM
_cJuly2020
655 _vReading book
_934232
700 1 _9245
_aBarrow, Colin,
_eauthor.
942 _2ddc
_cBB